Statistics for Top 10 States with the Shortest Commutes

Click here to take the quiz!

General Stats

  • This quiz has been taken 23 times
  • The average score is 7 of 10

Answer Stats

MinutesState% Correct
37.2Montana
86%
39.0Iowa
81%
42.0Idaho
81%
32.4Wyoming
76%
37.6Nebraska
76%
34.6South Dakota
71%
35.4North Dakota
71%
38.2Alaska
71%
39.4Kansas
71%
43.4Arkansas
38%

Score Distribution

Percentile by Number Answered

Percent of People with Each Score

Your Score History

You have not taken this quiz